Memory architecture exploration for grogrammable embedded systems

שמור ב:
מידע ביבליוגרפי
מחבר ראשי: Peter Grun
פורמט: ספר
שפה:Undetermined
יצא לאור: Boston, MA Kluwer Academic 2003
נושאים:
תגים: הוספת תג
אין תגיות, היה/י הראשונ/ה לתייג את הרשומה!
Thư viện lưu trữ: Trung tâm Học liệu Trường Đại học Cần Thơ
LEADER 00522nam a2200181Ia 4500
001 CTU_58143
008 210402s9999 xx 000 0 und d
082 |a 004.53 
082 |b G888 
100 |a Peter Grun 
245 0 |a Memory architecture exploration for grogrammable embedded systems 
245 0 |c Peter Grun, Nikil Dutt and Alex Nicolau 
260 |a Boston, MA 
260 |b Kluwer Academic 
260 |c 2003 
650 |a RAM storage 
904 |i Minh 
980 |a Trung tâm Học liệu Trường Đại học Cần Thơ